Literatúra pre 4. ročník gymnázií a 4. ročník stredných odborných škôl

Bibliographic Details
Main Authors: Mazák, Pavol, 1929-1995 (Author), Mazáková, Jolana (Author)
Format: Book
Language:Slovak
PhysicalDescription:89 strán 21 cm
Published: Bratislava Slovenské pedagogické nakladateľstvo 1979
Edition:1. vyd.
Subjects:

MARC

LEADER 00000cam a2200000 a 4500
001 vtls001115157
003 SK-MaSNL
005 20260302062247.0
008 240226s1979 xo drnp 000 0 slo
015 |a SNBA1979 
020 |q (viazané) 
035 |a SNK000058000 
035 |a 494AA89E-C60A-4E21-81E6-5B273F40E665 
035 |a urn:nbn:sk:snk-am00idti 
040 |a SNK  |b slo  |c SNK  |e AACR2 
041 0 |a slo 
044 |a xo  |c SK 
072 7 |a 82  |x Literatúra. Literárny život  |2 konspekt 
072 7 |a 37.016  |x Učebné osnovy. Vyučovacie predmety. Učebnice  |2 konspekt 
080 |a 37.016:82  |2 2011 
080 |a 821.162.4  |2 2011 
080 |a 821.162.3  |2 2011 
080 |a 821(100)  |2 2011 
080 |a (075.3)  |2 2011 
100 1 |a Mazák, Pavol,  |d 1929-1995  |4 aut  |9 193259 
245 1 0 |a Literatúra pre 4. ročník gymnázií a 4. ročník stredných odborných škôl  |c Pavol Mazák, Jolana Mazáková 
250 |a 1. vyd. 
260 |a Bratislava  |b Slovenské pedagogické nakladateľstvo  |c 1979 
300 |a 89 strán  |c 21 cm 
366 |e 49870 kusov 
504 |a Bibliografia na strane 89 
648 7 |a po 1945  |2 SNKPH  |9 276786 
650 0 7 |a slovenská literatúra  |2 SNKPH  |9 1115 
650 0 7 |a česká literatúra  |2 SNKPH  |9 1178 
650 0 7 |a svetová literatúra  |2 SNKPH  |9 1433 
650 0 7 |a literárna výchova  |2 SNKPH  |9 1653 
655 7 |a učebnice stredných škôl  |2 SNKPH  |9 69323 
700 1 |a Mazáková, Jolana  |4 aut  |9 45642 
852 |a Slovenská národná knižnica 
954 |a odborná, vedecká literatúra pôvodná (slovenská)  |2 lita 
958 |a RK 
958 |a TL 
958 |a LX 
958 |a NB 
958 |a OND 
958 |a UC 
958 |a EUIPO 
999 |c 1128613  |d 1130543 
952 |t P60, <04>, [BOOK], {604}  |a SNK  |b SNK  |y VYP  |7 0  |p 17A0323231  |o snkSC 45878 D1  |0 0  |1 0  |4 0  |d 2001-11-21  |l 0  |r 2004-12-31 00:00:00  |w 2026-02-24 
952 |a SNK  |b SNK  |y PREZ  |7 0  |p 17A0792099  |o snkSC 45878  |i snkKSP 1831/79  |0 0  |1 0  |4 0  |d 2012-07-31  |f 1  |l 0  |r 2025-10-27 00:00:00  |w 2026-02-24